=LDR 00000nam 2200000 4500 =001 INLIS000000000061284 =005 20230207084507 =035 ##$$a 0010-1022000025 =007 ta =008 230207###########################0###### =020 ##$$a 978-623-7771-05-0 =082 ##$$a 070.159 865 2 =084 ##$$a 070.159 865 2 Jel j =245 ##$$a Jelajah Media Sumbawa =260 ##$$a Yogyakarta :$b Trussmedia Grafika,$c 2018 =300 ##$$a iv, 48 halaman : $b ilustrasi ; $c 15 cm. =650 #4$$a Media massa-Sumbawa =700 #$$a Editor, Miftahul Arzak =990 ##$$a 598/51/22 =990 ##$$a 598/51/22